000 00425nam a2200181Ia 4500
001 19388
005 20260306172649.0
008 260306t1997||||xx |||||||||||||| ||spa||
041 _aESP
082 _a658.8708
_bC81
100 _aCostanzo Zaragoza, Juan Dí
_eAUT
245 0 _aDesarrollo de sistemas de franquicias
260 _c1997
300 _a
_c
650 _aGEN
654 _aCAN
942 _cLIB
_dJUS
_fJUS
_2ddc
_n
999 _c19388
_d19388